Political events annual 1975: national and international affairs (Record no. 351337)

000 -LEADER
fixed length control field 00385cam a22001217a 4500
008 - FIXED-LENGTH DATA ELEMENTS--GENERAL INFORMATION
fixed length control field 180718b1977 xxu||||| |||| 00| 0 eng d
082 ## - DEWEY DECIMAL CLASSIFICATION NUMBER
Classification number F5064x54 P759
245 ## - TITLE STATEMENT
Title Political events annual 1975: national and international affairs
Statement of responsibility, etc. edited by S.L. Shakdhar
260 ## - PUBLICATION, DISTRIBUTION, ETC.
Place of publication, distribution, etc. New Delhi
Name of publisher, distributor, etc. Sterling
Date of publication, distribution, etc. 1977
300 ## - PHYSICAL DESCRIPTION
Extent 575p.
650 ## - SUBJECT ADDED ENTRY--TOPICAL TERM
Topical term or geographic name entry element India - Politics - Yearbooks
700 ## - ADDED ENTRY--PERSONAL NAME
Personal name Shakdhar, S.L.
Holdings
Withdrawn status Lost status Damaged status Not for loan Permanent Location Current Location Date acquired Full call number Barcode Date last seen Price effective from Koha item type
        Indian Institute of Public Administration Indian Institute of Public Administration 1993-11-12 F5064x54 P759 52191 2018-07-21 2018-07-21 Book

Powered by Koha